000 00293nam a22001337a 4500
008 170413b xxu||||| |||| 00| 0 eng d
020 _a9780915473892
041 _aeng
080 _25 ED
_a618
100 _a10
101 _aSHM
245 _aPERINTAL CARE
_cGILSTRAP.L.C
942 _2udc
_cBK
999 _c10622
_d10622